Semut yang besar

Bibliographic Details
Main Author: Abd.Hadi
Format: Book
Published: Kuala Lumpur : Goodmark Enterprise , 1996
Series:Siri bacaan Bukit Kiara
Subjects:

MARC

LEADER 00000cam a2200000 7i4500
001 0000007575
002 000008138
005 20000330.0
020 |a 983057136X 
090 0 0 |a JF   |b ABD 
100 0 |a Abd.Hadi 
245 1 0 |a Semut yang besar   |c Abd Hadi 
260 |a Kuala Lumpur :   |b Goodmark Enterprise ,   |c 1996 
300 |a 24p. :   |b ill. ;   |c 28cm. 
490 0 |a Siri bacaan Bukit Kiara 
650 0 0 |a Children's stories 
999 |a 051839   |b BUKU   |c PINJAMAN   |e PERPUSTAKAAN KOMUNITI PETALING JAYA 
999 |a 051840   |b BUKU   |c PINJAMAN   |e PERPUSTAKAAN KOMUNITI PETALING JAYA 
999 |a 054795   |b BUKU   |c PINJAMAN   |e PERPUSTAKAAN KOMUNITI CAW KOTA DAMANSARA 
999 |a 054796   |b BUKU   |c PINJAMAN   |e PERPUSTAKAAN KOMUNITI CAW KOTA DAMANSARA